000 00556nam a22001697a 4500
005 20241011135100.0
008 241011b |||||||| |||| 00| 0 eng d
020 _a9781398831407
082 _aDC 398.208997 N213 2023
240 _aThe myths and mythology collection.
245 _a Native American myths and legends.
260 _aLondon :
_bArcturus Publishing Limited,
_c©2023.
300 _a223 pages :
_billustrations ;
_c19 cm.
650 0 _aIndians of North America
_xFolklore.
_962840
650 0 _aIndians
_xFolklore.
_962841
942 _2ddc
_cDC
999 _c22471
_d22471